000
00244nam a2200097Ia 4500
001
1300083
005
20260420095857.0
008
260420s9999 xx 000 0 und d
245
0
_a
DEVE HÖRGÜÇ
_c
NUR KUTLU
260
_b
TİMAŞ ÇOCUK YAYINLARI
999
_c
1300083
_d
1300083